Szczegóły MARC21

Methodische objetorientierte Softwareentwicklung : eine Integration klassischer und moderner Entwicklungskonzepte

005 -DATA I CZAS OSTATNIEJ MODYFIKACJI [,]
    • @
    • pole kontrolne
    • 20061115101750.0
020 -Międzynarod. znormalizowany nr książki - ISBN [ , ]
    • a
    • Numer ISBN
    • 3898642739 Find
040 -Instytucja sporządzająca opis [ , ]
    • a
    • Instytucja, która sporządziła opis (NP)
    • SZCZ U /IJ
    • c
    • Instytucja, która sporządziła rekord (NP)
    • SZCZ U/JŚ
041 -Język dokumentu [0, ]
    • a
    • Język tekstu (P)
    • niemiecki
044 -Kraj miejsca wydania [ , ]
    • a
    • Kraj miejsca wydania
    • Niemcy
942 -Rodzaj dokumentu [ , ]
    • c
    • Rodzaj dokumentu
    • Książka
100 -Hasło główne - nazwa osobowa [1, ]
    • a
    • Nazwa osobowa (NP)
    • WINTER, MARIO
245 -Strefa tytułu i oznaczenia odpowiedzialności [1,0]
    • a
    • Tytuł
    • Methodische objetorientierte Softwareentwicklung Find
    • b
    • Ciąg dalszy tytułu (NP)
    • : eine Integration klassischer und moderner Entwicklungskonzepte Find
    • c
    • Pozostałe elementy strefy tytułu i oznaczenia odpowiedzialności (NP)
    • Mario Winter.
260 -Strefa adresu wydawniczego [ , ]
    • a
    • Miejsce wydania (P)
    • Heidelberg :
    • b
    • Nazwa wydawcy (P)
    • dpunkt.verlag,
    • c
    • Data wydania (P)
    • [cop.2005]. -
300 -Strefa opisu fizycznego [ , ]
    • a
    • Określenie formy książki i/lub objętość (NP)
    • XVI, 540 s. :
    • b
    • Oznaczenie ilustracji (NP)
    • il. ;
    • c
    • Format (NP)
    • 24 cm.
500 -Uwaga ogólna [ , ]
    • a
    • Uwaga ogólna (NP)
    • Bibliogr. Ind.
080 -Uniwersalna Klasyfikacja Dziesiętna [ , ]
    • 2
    • Identyfikator wydania tablic
    • UDC-P022
    • a
    • Symbol klasyfikacji
    • 004.42
    • b
    • Dopowiedzenie
    • Programy komputerowe.
    • b
    • Dopowiedzenie
    • =język niemiecki
    • x
    • Poddział wspólny
    • =112.2
980 -Symbol UKD [ , ]
    • a
    • UKD
    • 004.42=112.2
920 -ISBN [ , ]
    • a
    • ISBN
    • 3-89864-273-9 Find
Lokalizacja Data inwentaryzacji Sygnatura Numer inwentarzowy Status udost.
BE2006-11-03FUNDACJA POLSKO-NIEMIECKAS.92518-2